| 000 | 00967nam a2200217Ia 4500 | ||
|---|---|---|---|
| 001 | 11366 | ||
| 003 | GE_BSU | ||
| 008 | 181216s||||||||xx |||||||||||||| ||und|| | ||
| 040 | _cGE_BSU | ||
| 080 | _a634.323.5 | ||
| 100 | _aქარაია რ. | ||
| 245 | _aმსხვილნაყოფა ციტრუსები გრეიფრუტი და პომპელმუსი | ||
| 245 | _cრედ: მერი კვაჭანტირაძე ნონა მიქაია, ბროლისა წულაია | ||
| 260 | _aთბილისი. | ||
| 260 | _bსაქ. მეცნ. ეროვნული აკადემია სტამბა | ||
| 260 | _c2011 | ||
| 300 | _a195გვ.20სმ. | ||
| 300 | _eილ. საძიებელი გვ. 95 | ||
| 653 | _aმსხვილნაყოფა ციტრუსები გრეიფრუტი და პომპელმუსი | ||
| 942 | _cBK | ||
| 999 |
_c44563 _d44563 |
||